| 000 | 00751nam a2200193 i 4500 | ||
|---|---|---|---|
| 001 | 141665 | ||
| 003 | ES-MaACL | ||
| 005 | 20230906200337.0 | ||
| 007 | t| | ||
| 008 | 070926s1915 sp a ||||1| spa d | ||
| 100 | 1 |
_aVinardell, Santiago. _9115299 |
|
| 245 | 1 | 4 |
_aUna empresa catalana de arte gráfico : _bla Imprenta Oliva de Vilanova / _cpor Santiago Vinardell ; seguido de breves notas sobre el decorado de los libros en España. |
| 260 |
_aBarcelona : _b[s.n.], _c1915 ( _eVillanueva y Geltrú : _fCasa Oliva) |
||
| 300 |
_a38 p. : _bil. ; _c24 cm. |
||
| 610 | 2 |
_aInstituto Gráfico Oliva de Vilanova. _9155026 |
|
| 650 | 1 | 4 |
_aIndustria gráfica- _zCataluña. _9171997 |
| 650 | 4 |
_aImprenta- _zCataluña. _9171998 |
|
| 852 |
_aES-MaACL _jT-1470-F-3 |
||
| 999 |
_c141665 _d141665 |
||